书目信息 |
| 题名: |
大学物理实验
|
|
| 作者: | 张凤玲 , 杨秀芹 主编 | |
| 分册: | ||
| 出版信息: | 武汉 武汉工业大学出版社 2010.01 |
|
| 页数: | 279页 | |
| 开本: | 28cm | |
| 丛书名: | ||
| 单 册: | ||
| 中图分类: | O4-33 | |
| 科图分类: | ||
| 主题词: | 物理学 | |
| 电子资源: | ||
| ISBN: | 978-7-5629-2870-6 | |
| 000 | 00665nam0 2200217 450 | |
| 001 | 1153048772 | |
| 005 | 20111215144420.35 | |
| 010 | @a978-7-5629-2870-6@dCNY28.00 | |
| 100 | @a20110907d2010 km y0chiy0120 ea | |
| 101 | 0 | @achi |
| 102 | @aCN@b420000 | |
| 200 | 1 | @a大学物理实验@Ada xue wu li shi yan@f张凤玲,杨秀芹主编@Fzhang feng ling,yang xiu qin zhu bian |
| 205 | @a2版 | |
| 210 | @a武汉@c武汉工业大学出版社@d2010.01 | |
| 215 | @a279页@d28cm | |
| 606 | 0 | @a物理学 |
| 690 | @aO4-33@v4 | |
| 701 | 0 | @a张凤玲@Azhang feng ling@4主编 |
| 701 | 0 | @a杨秀芹@Ayang xiu qin@4主编 |
| 801 | 0 | @aCN@b大连网信软件有限公司图书馆·11@c20111215 |
| 905 | @aZUCC@dO4-33@eZ1001=2 | |
| 大学物理实验/张凤玲,杨秀芹主编.-2版.-武汉:武汉工业大学出版社,2010.01 |
| 279页;28cm |
| ISBN 978-7-5629-2870-6:CNY28.00 |
| ● |
| 相关链接 |
|
|
|
正题名:大学物理实验
索取号:O4-33/Z1001=2
 
预约/预借
| 序号 | 登录号 | 条形码 | 馆藏地/架位号 | 状态 | 备注 |
| 1 | 472078 | 204720784 | 自科库401/401自科库 86排1列2层/ [索取号:O4-33/Z1001=2] | 在馆 |